00949nam a22001937a 4500003000900000005001700009008004100026040001300067100003000080245006900110250001100179260003700190300001800227490003500245520034600280942001200626999001700638952010000655IT-RoPau20220918181102.0130326b xxu||||| |||| 00| 0 eng d cIT-RoPau aSSP Provincia Italia9502 aAtti del XII Capitolo Provinciale b(Ariccia, 8-19 ottobre 2002) a1° ed aRomabSSP Provincia Italiac2002 a78 pp.c21 cm aSan Paolovn. 1 - Gennaio 2003 aIndice Prima parte - Documento Programmatico Aree problematiche Linee programmatiche Seconda parte - Documentazione Linee di orientamento del Superiore Generale Intervento del Superiore Generale Relazione del Superiore Provinciale Messaggi alle Comuniità€ Terza parte - Contributi al capitolo P. Raniero Cantalamessa P. Pierluigi nava  2ddccBK c98289d98289 00102ddc406P_C471aPAULUSbPAULUSd2013-03-26l0oP C4r2013-03-26 00:00:00w2013-03-26yBK